Normal view MARC view
  • Hernández P., Jaime

Entry Nombre Personal

Number of records used in: 2

001 - NUMERO DE CONTROL

  • campo de control: 45365

003 - IDENTIFICADOR DE NUMERO DE CONTROL

  • campo de control: DLC

005 - FECHA Y HORA DE LA ÜLTIMA TRANSACCIÓN

  • campo de control: 20220725102243.0

008 - DATOS DE LONGITUD FIJA

  • campo de control de longitud fija: 111215n| acannaabn |n aaa d

010 ## - NÚMERO DE CONTROL DE LA BIBLIOTECA DEL CONGRESO

  • Número de control LC: no2011193747

035 ## - NUMERO DE CONTROL

  • Número de control: (OCoLC)oca09065330

040 ## - FUENTE DE CATALOGACIÓN

  • Agencia original de catalogación: PE-LiUDP
  • Lenguaje de catalogación: spa
  • Agencia de transcripción: PE-LiUDP

100 1# - ENCABEZAMIENTO - NOMBRE PERSONAL

  • Nombre personal: Hernández P., Jaime

670 ## - FUENTE EN LA QUE SE LOCALIZARON DATOS

  • Cita de la fuente: Biodiversidad , 2007:
  • Información localizada: portada (Jaime Hernández P. (editor)

670 ## - FUENTE EN LA QUE SE LOCALIZARON DATOS

  • Cita de la fuente: Geografía física, 1958:
  • Información localizada: portada (Jaime Hernández P.)

902 ## - CATALOGADOR

  • Catalogador: VRC/250722